| 000 | 00963nam a2200217Ia 4500 | ||
|---|---|---|---|
| 001 | 13158 | ||
| 003 | GE_BSU | ||
| 008 | 181216s||||||||xx |||||||||||||| ||und|| | ||
| 040 | _cGE_BSU | ||
| 080 | _a631.8 | ||
| 245 | _aВлияние длительного применения удобрении на плодородие почвы и продуктивность севооборотов | ||
| 245 | _bРезультаты многолетних опытов научно исследовательских учреждении | ||
| 245 | _cРед.колл.П.Г.Наидин. Ред.В.В. Блохина | ||
| 260 | _aМосква | ||
| 260 | _bКолос | ||
| 260 | _c1964 | ||
| 300 | _a400стр.20см. | ||
| 300 | _cБиблиогр.с.397-399 | ||
| 653 | _aВлияние длительного применения удобрении на плодородие почвы и продуктивность севооборотов | ||
| 942 | _cBK | ||
| 999 |
_c46322 _d46322 |
||